[Event "Perla Baltyku Open 2012"]
[Site "Lazy POL"]
[Date "2012.07.05"]
[Round "6.10"]
[White "Mulet,P"]
[Black "Kalinina,O"]
[Result "1/2-1/2"]
[WhiteElo "2282"]
[BlackElo "2297"]

1.e4 d6 2.d4 Nf6 3.Nc3 e5 4.Nf3 Nbd7 5.Bc4 Be7 6.O-O O-O 7.a4 c6 8.a5 a6
9.Re1 exd4 10.Qxd4 Qc7 11.Bf4 Ng4 12.Bg3 Nge5 13.Be2 Bf6 14.Nxe5 dxe5 15.Qc4 Qd6
16.Red1 Qe7 17.Na4 Re8 18.Qc3 Rb8 19.f3 Bh4 20.Bxh4 Qxh4 21.Qe3 Nf8 22.Qa7 Qg5
23.Bf1 Be6 24.Re1 Ng6 25.Qe3 Nf4 26.g3 Qg6 27.Kh1 Nh5 28.Qf2 Qf6 29.Rad1 Qe7
30.Qc5 Qc7 31.Qc3 Nf6 32.Nc5 Nd7 33.Rd2 Nxc5 34.Qxc5 Rbd8 35.Red1 h6 36.Kg1 f6
37.Rd6 Kf7 38.b4 Rxd6 39.Rxd6 Rd8 40.Rd3 Rxd3 41.Bxd3 Qd7 42.Kf2 g5 43.Ke3 h5
44.Qa7 h4 45.c3 h3 46.Qb8 Kg6 47.g4  1/2-1/2

[Event "Mulhouse WIM 2012"]
[Site "Mulhouse FRA"]
[Date "2012.07.05"]
[Round "5.4"]
[White "Haussernot,C"]
[Black "Choisy,M"]
[Result "0-1"]
[WhiteElo "2099"]
[BlackElo "2174"]

1.e4 d6 2.d4 Nf6 3.Nc3 e5 4.Nge2 Be7 5.f3 O-O 6.Be3 c6 7.Qd2 b5 8.Ng3 Re8
9.Bd3 a6 10.O-O Nbd7 11.f4 Ng4 12.Nce2 c5 13.c3 Bf8 14.h3 Nxe3 15.Qxe3 cxd4
16.cxd4 exd4 17.Nxd4 Nc5 18.Bc2 Bb7 19.b4 Nxe4 20.Bxe4 Bxe4 21.Nxe4 d5 22.Nc6 Qh4
23.Ne5 dxe4 24.Qxe4 Qe7 25.Qd5 Rad8 26.Qb3 Qe6 27.Qb2 f6 28.Ng4 Qc4 29.Qa3 Bxb4
30.Qg3 Kh8 31.Rac1 Qd4+ 32.Kh1 Bf8 33.Qh4 Re2 34.Rc7 Qe4 35.Qg3 Re8 36.Rcc1 b4
37.Kh2 a5 38.Rc7 Re1 39.Rf2 Qb1 40.Qh4 Rh1+ 41.Kg3 Qg6 42.Rc6 Re3+ 43.Rf3 Rxf3+
44.gxf3 Qb1 45.f5 Qe1+ 46.Nf2 Rg1+ 47.Kh2 Rg5 48.Qxg5 fxg5 49.Ne4 Qe2+ 50.Kg3 Qxa2
51.Rc8 Kg8  0-1

[Event "2nd Polugaevsky Mem"]
[Site "Samara RUS"]
[Date "2012.07.05"]
[Round "1.23"]
[White "Alieva,A"]
[Black "Kabanov,N"]
[Result "0-1"]
[WhiteElo "1975"]
[BlackElo "2496"]

1.e4 d6 2.d4 Nf6 3.Nc3 c6 4.f4 Qa5 5.Bd2 Qb6 6.Bc1 e5 7.Nf3 exf4 8.Bc4 Be7
9.O-O O-O 10.Bb3 Nh5 11.Ne1 g6 12.Na4 Qa6 13.Nd3 c5 14.c4 Nc6 15.dxc5 dxc5
16.Nxf4 Nxf4 17.Bxf4 Be6 18.Rc1 Rfd8 19.Qe2 Rd7 20.Be3 Nd4 21.Qf2 Bf8 22.Nc3 Bg7
23.Nd5 Bxd5 24.exd5 Re8 25.Kh1 Rde7 26.Rce1 f5 27.Bxd4 Bxd4 28.Qd2 Qf6 29.Ba4 Rxe1
30.Rxe1 Re4 31.Bc2 Qg5 32.Qd1 Rh4 33.Qf3 Rxh2+ 34.Kxh2 Qh4+ 35.Qh3 Qxe1 36.Qf3 Qh4+
37.Qh3 Be5+  0-1

[Event "ch-SLO 2012"]
[Site "Ljubljana SLO"]
[Date "2012.07.06"]
[Round "7.2"]
[White "Buzeti,J"]
[Black "Janzelj,T"]
[Result "1-0"]
[WhiteElo "2303"]
[BlackElo "2160"]

1.e4 d6 2.d4 Nf6 3.Nc3 e5 4.Nf3 Nbd7 5.g4 h6 6.Rg1 c6 7.Be3 b5 8.a3 Bb7 9.h4 g6
10.g5 hxg5 11.hxg5 Nh5 12.Qd2 a6 13.Bh3 Bg7 14.O-O-O O-O 15.Bxd7 Qxd7 16.dxe5 Qh3
17.Ne1 dxe5 18.Nd3 Rad8 19.Qe2 Nf4 20.Bxf4 exf4 21.Rh1 Qe6 22.Qf3 Qe7 23.Qxf4 Rfe8
24.Rh4 c5 25.Rdh1 b4 26.axb4 cxb4 27.Nxb4 Qxb4 28.Qf6 Rd1+ 29.Nxd1  1-0

[Event "NIKI Open 2012"]
[Site "Nachod CZE"]
[Date "2012.07.06"]
[Round "7.1"]
[White "Mudrak,J"]
[Black "Malaniuk,V"]
[Result "0-1"]
[WhiteElo "2313"]
[BlackElo "2519"]

1.e4 d6 2.d4 Nf6 3.Nc3 e5 4.Nf3 Nbd7 5.Be2 Be7 6.h3 O-O 7.Be3 a6 8.a3 b5
9.d5 Bb7 10.g4 c6 11.g5 Nxe4 12.Nxe4 cxd5 13.Ng3 d4 14.Bc1 f5 15.gxf6 Rxf6
16.Rg1 Nc5 17.Bg5 Rf7 18.Bxe7 Qxe7 19.b4 Na4 20.Nh2 Raf8 21.Qd3 Kh8 22.Ng4 Nc3
23.a4 bxa4 24.Ra3 Qc7 25.Rxc3 Qxc3+ 26.Qxc3 dxc3  0-1

[Event "NIKI Open 2012"]
[Site "Nachod CZE"]
[Date "2012.07.06"]
[Round "7.6"]
[White "Horak,Ji1"]
[Black "Sergienko,S"]
[Result "1/2-1/2"]
[WhiteElo "2185"]
[BlackElo "2402"]

1.d4 d6 2.e4 Nf6 3.Nc3 e5 4.Nf3 Nbd7 5.Bc4 Be7 6.O-O O-O 7.a4 c6 8.h3 b6
9.Qe2 a6 10.Rd1 Qc7 11.Bg5 Re8 12.dxe5 Nxe5 13.Nxe5 dxe5 14.Rd3 Rb8 15.Rg3 b5
16.axb5 axb5 17.Bb3 Be6 18.Bxe6 fxe6 19.Nd1 Ra8 20.Rxa8 Rxa8 21.Kh2 Kh8 22.Bxf6 Bxf6
23.Qg4 Qe7 24.Rd3 g6 25.b3 Kg7 26.Ne3 h5 27.Qd1 Rd8 28.Rxd8 Qxd8 29.Qxd8  1/2-1/2

[Event "8th RUS-CHN Summit Women Classical"]
[Site "St Petersburg RUS"]
[Date "2012.07.06"]
[Round "5"]
[White "Kosteniuk,A"]
[Black "Huang Qian"]
[Result "1/2-1/2"]
[WhiteElo "2472"]
[BlackElo "2443"]

1.e4 d6 2.d4 Nf6 3.Nc3 e5 4.Nf3 exd4 5.Nxd4 Be7 6.g3 O-O 7.Bg2 Re8 8.O-O Bf8
9.h3 c6 10.a4 a5 11.Bf4 Nbd7 12.g4 Nc5 13.Re1 Ne6 14.Bg3 Qb6 15.Nb3 Nc5 16.Nxc5 Qxc5
17.Qd2 Nd7 18.Kh1 Nb6 19.b3 h5 20.g5 g6 21.f4 Bg7 22.e5 d5 23.Ne2 Be6 24.Nd4 Nc8
25.Rf1 Qf8 26.Bf2 Ne7 27.Qc3 Rec8 28.Ne2 Nf5 29.Rfd1 Qd8 30.Qe1 Qc7 31.Qg1 Bf8
32.Kh2 Qe7 33.Nc1 Qe8 34.Nd3 Ng7 35.Qe1 Bf5 36.Bb6 Ne6 37.Be3 Be7 38.Qe2 Qf8
39.c3 Qe8 40.Qf2 Qf8 41.Qe2 Qe8 42.Qf2 Qf8  1/2-1/2

[Event "7th Wroclaw Open A"]
[Site "Wroclaw POL"]
[Date "2012.07.06"]
[Round "5.5"]
[White "Malisauskas,V"]
[Black "Somyk,M"]
[Result "1-0"]
[WhiteElo "2460"]
[BlackElo "1979"]

1.d4 d6 2.e4 Nf6 3.Nc3 e5 4.Nf3 Nbd7 5.Bc4 Be7 6.O-O O-O 7.Re1 c6 8.a4 a5
9.b3 Qc7 10.Bb2 exd4 11.Qxd4 Ne5 12.Be2 Re8 13.h3 Bf8 14.Qd2 Nfd7 15.Nd4 Nc5
16.Rad1 Ng6 17.Bf1 b6 18.Nxc6 Bb7 19.Nd4 Nxe4 20.Nxe4 Bxe4 21.Re3 Re7 22.Rde1 Qb7
23.Qe2 Bd5 24.c4 Rxe3 25.Qxe3 Bc6 26.Nxc6 Qxc6 27.g3 Rb8 28.Bg2 Qc5 29.Bd4 Qc7
30.Bd5 Ne7 31.Qf3 Ng6 32.h4 Ne5 33.Qe2 Nc6 34.Bb2 Nb4 35.Bf3 Rd8 36.Qd2 Na6
37.h5 h6 38.Re3 Nc5 39.Qe2 Rd7 40.Bd5 Re7 41.Bd4 Qd7 42.Rxe7 Qxe7 43.Qf3 Nd7
44.Qf5 Nc5 45.Bxc5 dxc5 46.Be4 f6 47.Kg2 Qe5 48.Bd5+ Kh8 49.Qc8 Qe7 50.Kf3 f5
51.Qxf5 Qf6 52.Qxf6 gxf6 53.Ke4 Bd6 54.f4 Kg7 55.Be6 Kf8 56.Kd5 Ke7 57.Bf5 Bc7
58.Kc6 Bd8 59.Bh3 Ke8 60.Kb7 Ke7 61.Kc8 Ke8 62.Bd7+ Ke7 63.f5 b5 64.axb5 Bb6
65.Kb7 Bd8 66.Kc6  1-0

[Event "World Rapid Final"]
[Site "Astana KAZ"]
[Date "2012.07.07"]
[Round "9"]
[White "Morozevich,A"]
[Black "Kazhgaleyev,M"]
[Result "1/2-1/2"]
[WhiteElo "2770"]
[BlackElo "2589"]

1.e4 d6 2.d4 Nf6 3.Nc3 e5 4.Nf3 Nbd7 5.Bc4 Be7 6.O-O O-O 7.a4 c6 8.Re1 a5
9.h3 Nb6 10.Bd3 Nfd7 11.Be3 exd4 12.Bxd4 Nc5 13.Bf1 Be6 14.Qd2 d5 15.exd5 Nxd5
16.Rad1 Re8 17.b3 h6 18.Bc4 Nb4 19.Bxc5 Qxd2 20.Rxd2 Bxc5 21.Bxe6 Rxe6 22.Rxe6 fxe6
23.Ne4 Bf8 24.c4 Rb8 25.Ne5 Na6 26.Kf1 Nc5 27.Nxc5 Bxc5 28.Nd7 Bb4 29.Nxb8 Bxd2
30.Nd7 Bb4 31.Ne5 Bd6 32.Nd3 Kf7 33.Ke2 Kf6 34.f4 e5 35.fxe5+ Bxe5 36.Nc5 b6
37.Nd7+ Ke6 38.Nxb6 Bd4 39.c5 Bxc5 40.Nc4 Bb4 41.Kd3 Kd5 42.Ne3+ Ke5 43.Nc2 c5
44.g3 h5 45.Ne3 g6 46.Nc4+ Kd5 47.Ke3 g5 48.g4 h4 49.Kd3 Be1 50.Ke2 Bc3 51.Ke3 Be1
52.Kd3 Bb4 53.Ke3 Be1  1/2-1/2

[Event "World Rapid Final"]
[Site "Astana KAZ"]
[Date "2012.07.07"]
[Round "10"]
[White "Kazhgaleyev,M"]
[Black "Bologan,V"]
[Result "0-1"]
[WhiteElo "2589"]
[BlackElo "2732"]

1.d4 d6 2.e4 Nf6 3.Nc3 c6 4.a4 g6 5.g3 Bg7 6.Bg2 O-O 7.Nge2 e5 8.h3 Na6 9.Be3 Re8
10.O-O Nb4 11.a5 exd4 12.Bxd4 Bd7 13.g4 c5 14.Be3 Bc6 15.Ng3 Nd7 16.f4 d5
17.Bf2 d4 18.Nce2 Bb5 19.e5 Nxe5 20.fxe5 Bxe5 21.Qd2 Qc7 22.Rfe1 Rad8 23.Ne4 f5
24.gxf5 gxf5 25.N4g3 f4 26.Nh5 Rf8 27.Ra3 d3 28.c4 Bxc4 29.Nc3 Nc2 30.Re4 Nxa3
31.bxa3 Be6 32.Nb5 Qb8 33.Bf3 a6 34.Nc3 Qc7 35.Kh2 Kh8 36.Bh4 Rd4 37.Re1 Rc4
38.Rc1 Bf5 39.Nd5 Rxc1 40.Qxc1 Qd6 41.Be7 Qh6 42.Qxc5 Rc8 43.Nc7 Ba1 44.Qxf5 Rxc7
45.Qxd3 Rc8 46.Qf5 Re8 47.Qf7 Qg6 48.Qxf4 Rg8 49.Bg4 Qc2+ 50.Kg3 Qc3+ 51.Kh2 Qc2+
52.Kg3 Qc3+ 53.Kg2 Qc6+ 54.Qf3 Qc2+ 55.Kh1 Qc1+ 56.Kg2 Qd2+ 57.Kf1 Qc1+ 58.Kg2 Qd2+
59.Kf1 Qc1+ 60.Qd1 Qc4+ 61.Qe2 Qf7+ 62.Kg2 Qxh5 63.Qe6 Qe5 64.Qxe5+ Bxe5
65.Kf3 Rg7 66.Bb4 Rc7 67.Ke4 Bc3 68.Kd5 Bxb4 69.axb4 Kg7 70.Bf3 Rf7 71.Be4 Re7
72.Bf3 Re3 73.Bg4 Rc3 74.Kd4 Rc7 75.Kd5 Kf6 76.Bf3 Ke7 77.h4 h6 78.h5 Rc3
79.Be4 Rc7 80.Bf3 Kd8 81.Ke5 Rf7 82.Bd5 Rd7 83.Bf3 Kc7 84.Kf6 Rd3 85.Be2 Re3
86.Bd1 Rg3 87.Bc2 Rg4 88.Bg6 Kd6 89.Kg7 Ke7 90.Kxh6 Kf6 91.Kh7 Rxb4 92.h6 Rh4
93.Bd3 Kg5 94.Kg7 Rxh6 95.Be4 Re6 96.Bg2 Re7+ 97.Kf8 Kf6 98.Bd5 Rd7 99.Bf3 Rd8+  0-1

[Event "35th Barbera Open A"]
[Site "Barbera del Valles ESP"]
[Date "2012.07.07"]
[Round "4.42"]
[White "Dukaczewski,P"]
[Black "Jaramillo Ochoa,M"]
[Result "1-0"]
[WhiteElo "2249"]
[BlackElo "2030"]

1.e4 d6 2.d4 Nf6 3.Nc3 e5 4.Nf3 exd4 5.Nxd4 Be7 6.Be2 O-O 7.O-O Re8 8.f4 Bf8
9.Bf3 Na6 10.Re1 Nc5 11.b4 Ne6 12.Nb3 Be7 13.g4 c6 14.g5 Nd7 15.Be3 Nb6 16.Qd3 Nf8
17.Rad1 Be6 18.Na5 Bc8 19.a3 Ng6 20.Rd2 Qd7 21.Qf1 Rb8 22.Kh1 Qh3 23.Bg2 Qg4
24.Qf2 Nh4 25.Rg1 Qh5 26.Ne2 Nxg2 27.Rxg2 d5 28.f5 Bd6 29.Bf4 Re5 30.c4 Qh3  1-0

[Event "86th ch-ARG 2012"]
[Site "La Plata ARG"]
[Date "2012.07.07"]
[Round "4.6"]
[White "Julia,E"]
[Black "Lorenzini,M"]
[Result "1/2-1/2"]
[WhiteElo "2359"]
[BlackElo "2466"]

1.e4 d6 2.d4 Nf6 3.Nc3 Nbd7 4.g3 e5 5.Nge2 c6 6.a4 Qc7 7.Bg2 Be7 8.O-O O-O
9.h3 Re8 10.Re1 Bf8 11.b3 b6 12.Bb2 Bb7 13.Qd2 a6 14.g4 h6 15.Ng3 exd4 16.Qxd4 d5
17.exd5 Bc5 18.Qd3 Ne5 19.Qd2 cxd5 20.Qf4 Re6 21.Nxd5 Nxd5 22.Bxd5 Bxf2+
23.Qxf2 Bxd5 24.Bxe5 Rxe5 25.Rxe5 Qxe5 26.Re1 Qc3 27.Re3 Qb4 28.Rd3 Be6 29.Qd4 Qe1+
30.Kh2 Qc1 31.c4 Qc2+ 32.Kg1 b5 33.Nh5 Qc1+ 34.Kh2 Qg5 35.axb5 axb5 36.cxb5 Re8
37.Kg3 f6 38.b6 Bf7 39.Nf4 h5 40.b4 h4+ 41.Kf3 Qb5 42.Kf2 Qc6 43.Ng2 Qc1
44.Rd1 Qc2+ 45.Rd2 Qb3 46.Rd3 Qb1 47.Rd1 Qa2+ 48.Rd2 Qb1 49.Rd1 Qa2+ 50.Rd2 Qe6
51.Qd6 Qe4 52.Qd4 Qe6 53.Qd6 Qe4 54.Qd4 Qe6 55.Qd6 Qe4 56.Nxh4 Qe1+ 57.Kg2 Re2+
58.Rxe2 Qxe2+ 59.Kg1 Qe1+ 60.Kg2 Qe2+ 61.Kg1 Qe1+ 62.Kg2  1/2-1/2

[Event "Perla Baltyku Open 2012"]
[Site "Lazy POL"]
[Date "2012.07.07"]
[Round "8.8"]
[White "Dogodkina,J"]
[Black "Kalinina,O"]
[Result "0-1"]
[WhiteElo "2110"]
[BlackElo "2297"]

1.e4 d6 2.d4 Nf6 3.Nc3 e5 4.Bc4 Nbd7 5.Nf3 Be7 6.O-O O-O 7.a4 a6 8.Qe2 c6
9.d5 cxd5 10.Bxd5 Nxd5 11.Nxd5 Nf6 12.Nxf6+ Bxf6 13.Rd1 Qc7 14.Ne1 Be6 15.b3 Be7
16.Ba3 f5 17.exf5 Rxf5 18.Rd2 Raf8 19.f3 d5 20.Bxe7 Qxe7 21.Nd3 Qc7 22.b4 a5
23.Nc5 Bf7 24.c3 b6 25.Qd3 e4 26.fxe4 dxe4 27.Qxe4 Re5 28.Na6 Qxc3 29.Qd4 Qxd4+
30.Rxd4 Bd5 31.bxa5 Bb7 32.Nc7 Re2 33.Rg4 bxa5 34.Rf1 Rc8 35.Rc1 Rd8 36.h3 Rdd2
37.Nb5 Rxg2+ 38.Rxg2 Rxg2+ 39.Kf1 Ra2 40.Nd6 Bg2+ 41.Ke1 Bxh3  0-1

[Event "ch-SLO w 2012"]
[Site "Ljubljana SLO"]
[Date "2012.07.07"]
[Round "8.5"]
[White "Vrabic,A"]
[Black "Srebrnic,A"]
[Result "0-1"]
[WhiteElo "2123"]
[BlackElo "2183"]

1.e4 d6 2.d4 Nf6 3.Nc3 e5 4.Nf3 Nbd7 5.Bg5 Be7 6.Qd2 c6 7.h3 O-O 8.g4 exd4
9.Nxd4 Nc5 10.Bxf6 Bxf6 11.O-O-O Qa5 12.Kb1 Re8 13.f3 Qc7 14.h4 g6 15.g5 Bg7
16.Bg2 b5 17.Nb3 Nb7 18.h5 a5 19.a4 bxa4 20.Nxa4 Be6 21.Nd4 c5 22.Nb5 Qc6
23.Nbc3 Rab8 24.f4 Qd7 25.hxg6 hxg6 26.Nb6 Qd8 27.Nbd5 c4 28.e5 dxe5 29.Qf2 Bxd5
30.Nxd5 Nd6 31.c3 Qd7 32.Bh3 Qb7 33.Nf6+ Bxf6 34.Rxd6 Qxh1+ 35.Ka2 Qxh3 36.gxf6 exf4
37.Qxf4 Red8 38.Rd2 Qf5 39.Qc7 Qxf6  0-1

[Event "87th ch-Paris IdF Open"]
[Site "Paris FRA"]
[Date "2012.07.07"]
[Round "1.1"]
[White "Fedorchuk,S"]
[Black "Manouck,T"]
[Result "1-0"]
[WhiteElo "2630"]
[BlackElo "2300"]

1.e4 d6 2.d4 Nf6 3.Nc3 Nbd7 4.g4 h6 5.h3 e5 6.Nge2 c6 7.Bg2 Be7 8.Be3 Nf8
9.Qd2 Ng6 10.O-O-O Nh4 11.Rhg1 Nh7 12.f4 Nxg2 13.Rxg2 exf4 14.Nxf4 Ng5 15.Rf1 b5
16.h4 b4 17.hxg5 bxc3 18.Qxc3 hxg5 19.Nh5 g6 20.d5 Rh7 21.Ng7+ Kf8 22.Rgf2 cxd5
23.Rxf7+ Kg8 24.Ne6 Rxf7 25.Rxf7 Kxf7 26.Nxd8+ Bxd8 27.Qc6 Rb8 28.Qxd6  1-0

[Event "5th Open d'Ille et Vilaine"]
[Site "Rennes FRA"]
[Date "2012.07.07"]
[Round "2.5"]
[White "Guezennec,F"]
[Black "Prioul,J"]
[Result "1-0"]
[WhiteElo "2181"]
[BlackElo "1929"]

1.e4 d6 2.d4 Nf6 3.Nc3 e5 4.Nge2 Be7 5.f3 c6 6.Be3 b5 7.Qd2 a5 8.g4 a4 9.Ng3 g6
10.dxe5 dxe5 11.Qf2 Be6 12.Bb6 Qc8 13.Bc5 Qc7 14.Bxe7 Qxe7 15.Bd3 Na6 16.h4 Qc5
17.Qd2 h6 18.a3 O-O-O 19.Nxa4 Qd4 20.Nc3 Nc5 21.O-O-O Bc4 22.Bxc4 Qxc4 23.Qe2 Qxe2
24.Ngxe2 Ne6 25.b3 Kc7 26.a4 bxa4 27.Nxa4 h5 28.g5 Nd7 29.Nb2 Ndc5 30.Nc4 Rxd1+
31.Rxd1 Nf4 32.Nxf4 exf4 33.Ne5 Rf8 34.b4 Ne6 35.Rd7+ Kc8 36.Ra7 Nd8 37.c3  1-0

[Event "World Rapid Final"]
[Site "Astana KAZ"]
[Date "2012.07.08"]
[Round "13"]
[White "Karjakin,Sergey"]
[Black "Kazhgaleyev,M"]
[Result "1-0"]
[WhiteElo "2779"]
[BlackElo "2589"]

1.e4 d6 2.d4 Nf6 3.Nc3 e5 4.Nf3 Nbd7 5.Bc4 Be7 6.O-O O-O 7.a4 c6 8.Ba2 a5
9.h3 exd4 10.Nxd4 Re8 11.Re1 Bf8 12.Bf4 Ne5 13.Qd2 Ng6 14.Bh2 Qb6 15.Bb3 Bd7
16.Rad1 Rad8 17.Kh1 Bc8 18.Re3 Qb4 19.Nf3 Be6 20.Bxe6 fxe6 21.Ne1 d5 22.Nd3 Qb6
23.exd5 exd5 24.Rxe8 Rxe8 25.Re1 Qd8 26.f3 Bd6 27.Rxe8+ Nxe8 28.Ne2 Bxh2
29.Kxh2 Nf6 30.Qe3 h6 31.Qe6+ Kh7 32.b3 Qc7+ 33.f4 Nf8 34.Qf5+ Kg8 35.Nd4 Qe7
36.Qc8 Ne4 37.Ne5 Qf6 38.g3 Nd6 39.Qa8 Kh7 40.Qxa5 Ng6 41.Ndf3 Qf5 42.Qd2 Ne4
43.Qe3 Nxe5 44.Nxe5 g5 45.Nd3 h5 46.Kg2 g4 47.h4 Kg8 48.Qa7 Nf6 49.Qb8+ Kg7
50.Qxb7+ Kh6 51.Qe7 d4 52.Qe5 Qg6 53.Qg5+  1-0

[Event "World Rapid Final"]
[Site "Astana KAZ"]
[Date "2012.07.08"]
[Round "15"]
[White "Dreev,A"]
[Black "Tkachiev,V"]
[Result "1-0"]
[WhiteElo "2677"]
[BlackElo "2644"]

1.d4 d6 2.e4 Nf6 3.Nc3 c6 4.Nf3 g6 5.a4 Bg7 6.h3 O-O 7.Be2 Qc7 8.Bf4 Nbd7
9.a5 e5 10.dxe5 dxe5 11.Be3 Rd8 12.Qb1 Nh5 13.Bc4 Nf4 14.O-O Nf8 15.Qa2 Be6
16.Rfd1 Rxd1+ 17.Nxd1 Ne2+ 18.Kf1 Nd4 19.Ne1 Nd7 20.c3 Bxc4+ 21.Qxc4 Ne6
22.b4 Nf6 23.Nb2 Ne8 24.Nf3 Nd6 25.Qd3 f5 26.Nd2 Rd8 27.Qc2 Qb8 28.Qb3 Re8
29.Nbc4 Nb5 30.Nf3 Kh8 31.Rd1 Qc7 32.Qc2 fxe4 33.Nfd2 Ned4 34.Qc1 Qf7 35.Re1 Nf5
36.Kg1 Rd8 37.Bc5 Bh6 38.Qc2 Qd5 39.Re2 Qd3 40.Qxd3 exd3 41.Rxe5 Bg7 42.Re4 Nxc3
43.Re1 Ne2+ 44.Kf1 Bd4 45.Rb1 Re8 46.g3 Rd8 47.Kg2 Rd5 48.Rb3 Nc1 49.Rb1 Ne2
50.Rb3 Nc1 51.Rb1 Ne2 52.Kf3 Kg7 53.Kg2 Kf6 54.Rb3 Nc1 55.Rb1 Ne2 56.Kf1 Ke6
57.Rb3 Nc1 58.Rb1 Ne2 59.Kg2 Rd7 60.Rb3 Nc1 61.Rb1 Ne2 62.Rb3 Bc3 63.Bxa7 Nd6
64.Be3 Nxc4 65.Nxc4 Rd5 66.Kf1 Rb5 67.Bc5 Kd5 68.Ne3+ Ke4 69.Kg2 d2 70.Kf1 Kd3
71.Ra3 h5 72.Nd1 g5 73.f3 h4 74.gxh4 gxh4 75.Nf2+ Kc2 76.Kxe2 Bxb4 77.Bxb4 Rxb4
78.Ra2+  1-0

[Event "Werner-Ott-Open 2012"]
[Site "Berlin GER"]
[Date "2012.07.08"]
[Round "2.9"]
[White "Gaerths,R"]
[Black "Jaeger,A"]
[Result "1-0"]
[WhiteElo "2258"]
[BlackElo "2028"]

1.d4 d6 2.e4 Nf6 3.Nc3 Nbd7 4.Nf3 e5 5.Bc4 Be7 6.O-O O-O 7.a4 a5 8.b3 c6
9.Ba3 Nxe4 10.Nxe4 d5 11.Bxe7 Qxe7 12.Ned2 dxc4 13.Nxc4 e4 14.Re1 f5 15.Qd2 Qb4
16.Qxb4 axb4 17.Nfe5 Nf6 18.a5 Nd5 19.Nb6 Ra6 20.Nec4 Be6 21.Ra4 Nxb6 22.Nxb6 Rd8
23.Rd1 c5 24.d5 Rd6 25.f4 Bf7 26.Kf2 Kf8 27.Raa1 Ke8 28.h3 h6 29.Ke3 Kd8
30.Nc4 Rg6 31.Kf2 Ke8 32.Rd2 Rgf6 33.Rc1 Ra8 34.c3 bxc3 35.Rxc3 Rd8 36.Nb6 g5
37.g3 gxf4 38.gxf4 Rg6 39.Rxc5 e3+ 40.Kxe3 Rg3+ 41.Kd4 Rxb3 42.Rd3 Rb4+ 43.Ke5 Bg8
44.Rd4 Rb3 45.Rc8 Rxh3 46.Rxd8+ Kxd8 47.Rc4 Ke7 48.Rc7+ Kf8 49.Kf6 Re3 50.Rc8+ Re8
51.Nd7+  1-0

[Event "119th ch-SCO 2012"]
[Site "Glasgow SCO"]
[Date "2012.07.08"]
[Round "2.39"]
[White "Borwell,A"]
[Black "Parks,J"]
[Result "1/2-1/2"]
[WhiteElo "2078"]
[BlackElo "1910"]

1.e4 d6 2.d4 Nf6 3.Nc3 e5 4.Nge2 Nbd7 5.g3 Be7 6.Bg2 O-O 7.O-O c6 8.a4 b6
9.h3 Qc7 10.f4 Bb7 11.Be3 Rfe8 12.Qe1 Bf8 13.fxe5 dxe5 14.Qf2 exd4 15.Nxd4 Nc5
16.Bf4 Bd6 17.Rae1 Be5 18.Bxe5 Qxe5 19.Nf3 Qe7 20.e5 Nd5 21.Nxd5 cxd5 22.Nd4 Nxa4
23.b3 Nc5 24.Nf5 Qe6 25.Nd6 Re7 26.Qd4 Bc6 27.b4 Ne4 28.c4 Qxe5 29.Qxe5 Rxe5
30.b5 Bd7 31.cxd5 f5 32.g4 g6 33.gxf5 gxf5 34.Rf4 Rxd5 35.Nxe4 fxe4 36.Rfxe4 Rxb5
37.Re7 Rd8 38.Rd1 a5 39.Rdxd7  1/2-1/2

[Event "119th ch-SCO 2012"]
[Site "Glasgow SCO"]
[Date "2012.07.08"]
[Round "2.1"]
[White "Arakhamia-Grant,K"]
[Black "Ruck,R1"]
[Result "1/2-1/2"]
[WhiteElo "2416"]
[BlackElo "2569"]

1.e4 d6 2.d4 Nf6 3.Nc3 e5 4.Nf3 Nbd7 5.Bc4 Be7 6.O-O O-O 7.a4 c6 8.Re1 b6
9.b3 a6 10.Bb2 Bb7 11.Bd3 Qc7 12.Ne2 Rfe8 13.Ng3 Bf8 14.c4 g6 15.a5 b5 16.cxb5 cxb5
17.d5 Rac8 18.b4 Bh6 19.h3 Qd8 20.Bc1 Bxc1 21.Rxc1 Qe7 22.Qd2 Qf8 23.Nh2 Rxc1
24.Rxc1 Rc8 25.Ng4 Nxg4 26.hxg4 Rxc1+ 27.Qxc1 Qc8 28.Qd2 Qc7 29.g5 Bc8 30.Ne2 f6
31.gxf6 Nxf6 32.Qc3 Qxc3 33.Nxc3 Bd7 34.g3 g5 35.f3 Kf7 36.Nd1 Ke7 37.Ne3 Kd8
38.Kh2 Bc8 39.Bf1 g4 40.Bg2 gxf3 41.Bxf3 h5 42.Kg1 Bg4 43.Kf2 Kc7 44.Ng2 Kd8
45.Nh4 Kc7 46.Ke3  1/2-1/2

[Event "86th ch-ARG 2012"]
[Site "La Plata ARG"]
[Date "2012.07.08"]
[Round "6.2"]
[White "Felgaer,R"]
[Black "Lorenzini,M"]
[Result "1/2-1/2"]
[WhiteElo "2580"]
[BlackElo "2466"]

1.e4 d6 2.d4 Nf6 3.Nc3 e5 4.Nf3 Nbd7 5.Bc4 Be7 6.O-O O-O 7.Re1 c6 8.a4 a5
9.Ba2 exd4 10.Nxd4 Nc5 11.f3 Qb6 12.Kh1 Bd7 13.Rb1 Rad8 14.Be3 Qb4 15.Qd2 Rfe8
16.Qf2 Bf8 17.Bg5 Nxa4 18.Nxa4 Qxa4 19.Ra1 Qb4 20.Bd2 Qc5 21.Bxa5 Ra8 22.Bc3 Ra6
23.Bb3 Rxa1 24.Rxa1 d5 25.exd5  1/2-1/2

[Event "34th Oberwart Open A"]
[Site "Oberwart AUT"]
[Date "2012.07.08"]
[Round "2.20"]
[White "Bahl,Felix"]
[Black "Izso,D"]
[Result "0-1"]
[WhiteElo "1950"]
[BlackElo "2331"]

1.e4 d6 2.d4 Nf6 3.Nc3 Nbd7 4.Nf3 e5 5.Bc4 Be7 6.O-O O-O 7.Re1 c6 8.a4 h6
9.b3 Qc7 10.h3 Re8 11.d5 Nb6 12.Bf1 cxd5 13.Nxd5 Nfxd5 14.exd5 a5 15.c4 Nd7
16.Bd3 Nc5 17.Bc2 f5 18.Bb2 Bd7 19.Qd2 Bf6 20.Rad1 Qb6 21.Rb1 Rf8 22.Ba3 e4
23.Nd4 Nd3 24.Ne6 Nxe1 25.Nxf8 Nf3+ 26.gxf3 Rxf8 27.Qe3 Bd4 28.Qe2 Rf6 29.Bb2 Rg6+
30.Kf1 Bxb2 31.Rxb2 f4 32.Qxe4 Rg5 33.Qxf4 Bxh3+ 34.Ke2 Re5+ 35.Be4 Bf5 36.Kd3 Bxe4+
37.fxe4 Qc7 38.f3 Qe7 39.Rg2 Kh7 40.Rg4 g5 41.Qe3 h5 42.Rg1 Qf6 43.Rh1 Kg6
44.Rh3 h4 45.Qg1 Rf5 46.Qg2 Rf4 47.Qe2 Qa1 48.Ke3 Qg1+ 49.Kd3 g4 50.fxg4 Rf2
51.Rh1 Qg3+  0-1

[Event "9th South Wales Int"]
[Site "Penarth WLS"]
[Date "2012.07.08"]
[Round "1.11"]
[White "Waterfield,J"]
[Black "Leconte,M"]
[Result "0-1"]
[WhiteElo "1982"]
[BlackElo "2224"]

1.e4 d6 2.d4 Nf6 3.Nc3 Nbd7 4.f4 e5 5.Nf3 exd4 6.Qxd4 c6 7.Be3 d5 8.exd5 Bc5
9.Qd3 O-O 10.O-O-O Ng4 11.Bxc5 Nxc5 12.Qd4 Qb6 13.Kb1 Rd8 14.Bc4 Nf6 15.Rhe1 cxd5
16.Nxd5 Nxd5 17.Bxd5 Be6 18.Qe5 Nd7 19.Qe2 Bxd5 20.Rxd5 Nf6 21.Rxd8+ Rxd8
22.Qe7 Qa5 23.b3 h6 24.Re5 Rd1+ 25.Kb2 Nd5 26.Qe8+ Kh7 27.Qc8 g6 28.Re8 Nc3
29.Rh8+ Kg7 30.Qxc3+ Qxc3+ 31.Kxc3 Kxh8 32.Ne5 Kg7  0-1

[Event "46th Ilmar Raua Memorial"]
[Site "Vaksali EST"]
[Date "2012.07.08"]
[Round "7"]
[White "Ehlvest,J"]
[Black "Narva,J"]
[Result "1-0"]
[WhiteElo "2596"]
[BlackElo "2300"]

1.e4 d6 2.Nc3 Nf6 3.d4 e5 4.Nf3 Nbd7 5.Bc4 Be7 6.O-O O-O 7.Re1 c6 8.a4 a5
9.h3 Re8 10.b3 h6 11.Bf1 Bf8 12.Be3 exd4 13.Bxd4 Nc5 14.Nd2 d5 15.exd5 Rxe1
16.Qxe1 Nxd5 17.Nxd5 Qxd5 18.Bc3 Bd7 19.Nc4 Re8 20.Qd1 Qg5 21.Qf3 Bf5 22.Ne3 Be4
23.Qg4 Qxg4 24.hxg4 b6 25.Re1 Bg6 26.Rd1 Ne4 27.Bd4 Bc5 28.Bxc5 Nxc5 29.Rd6 Rc8
30.Be2 Be4 31.f3 Bg6 32.Rd2 f6 33.Kf2 Kf8 34.Ke1 Ke7 35.Nc4 Rb8 36.Kd1 Bf7
37.Ne3 b5 38.Nf5+ Kf8 39.axb5 cxb5 40.Rd6 Ne6 41.Ra6 b4 42.Rxa5 Nf4 43.Bf1 Nd5
44.Kc1 Re8 45.Bb5 Rd8 46.Bc6 Nc3 47.Ra8 Ne2+ 48.Kb2 Rxa8 49.Bxa8 Nc3 50.Kc1 h5
51.gxh5 Bxh5 52.Kd2 Bg6 53.Nd4 Na2 54.Ne6+ Ke7 55.Nf4 Bh7 56.Be4 f5 57.Bd3 g5
58.Ne2 Kf6 59.g4 Ke5 60.Bxf5 Bg8 61.Be4 Be6 62.Ke3 Bd7 63.Bd3 Bc8 64.Be4 Ba6
65.f4+ gxf4+ 66.Nxf4 Nc3 67.Bf3 Bb5 68.g5 Kf5 69.g6 Kf6 70.Be4 Bd7 71.Nh5+ Kg5
72.g7 Be6 73.Nf4 Bg8 74.Nd3 Na2 75.Kd4 Kf6 76.Bd5 Kxg7 77.Bxg8 Kxg8 78.Kc4 Kf8
79.Nxb4 Nc1 80.Nd3 Ne2 81.b4 Ke8 82.b5 Kd8 83.Nb4 Kc8 84.Nd5 Kb7 85.Kc5 Ng3
86.c4 Ne4+ 87.Kb4 Ng5 88.c5 Ne6 89.c6+ Ka7 90.Kc4 Kb8 91.b6 Kc8 92.Nb4  1-0

[Event "49th Canadian Open Championship"]
[Site "Victoria CAN"]
[Date "2012.07.08"]
[Round "1"]
[White "Yoos,J"]
[Black "Chernik,Dmitry"]
[Result "1-0"]
[WhiteElo "2343"]
[BlackElo "1971"]

1.e4 d6 2.d4 Nf6 3.Nc3 e5 4.Nge2 Be7 5.f3 c6 6.Be3 O-O 7.Qd2 b5 8.Ng3 Qc7
9.O-O-O a5 10.Kb1 a4 11.Nce2 Qa5 12.c3 Na6 13.f4 Rd8 14.Qe1 Be6 15.Nc1 exf4
16.Bxf4 Bc4 17.Nf5 Bf8 18.Bg5 Be6 19.Bxf6 gxf6 20.Qg3+ Kh8 21.Qh4 Bxf5 22.Qxf6+ Bg7
23.Qxf5 Qb6 24.e5 dxe5 25.Bd3 Kg8 26.Rhf1 Qc7 27.dxe5 Nc5 28.Qxh7+ Kf8 29.Rde1 Ne6
30.Bg6 Rd7 31.Qh3 Re8 32.Nd3 c5 33.Nf4 Nxf4 34.Rxf4 Rxe5 35.Ref1 Ree7 36.Qf3 Qb7
37.Be4 Qc7 38.Bc6 Rd2 39.Bd5 a3 40.Rxf7+ Rxf7 41.Qxf7+ Qxf7 42.Rxf7+ Ke8
43.Rxg7 Rxb2+ 44.Kc1 c4 45.Ra7 Rxa2 46.Bc6+ Kf8 47.Bxb5 Ra1+ 48.Kd2 Ra2+
49.Ke3 Rxg2 50.Rxa3 Rxh2 51.Bxc4  1-0

[Event "7th Wroclaw Open A"]
[Site "Wroclaw POL"]
[Date "2012.07.08"]
[Round "7.18"]
[White "Kulas,S"]
[Black "Czyz,Ar"]
[Result "1-0"]
[WhiteElo "2019"]
[BlackElo "2062"]

1.e4 d6 2.d4 Nf6 3.Nc3 e5 4.Nf3 Nbd7 5.g4 Nxg4 6.Rg1 exd4 7.Nxd4 Nde5 8.Bf4 Bd7
9.h3 Nf6 10.Qe2 c6 11.O-O-O Qc7 12.Bh2 O-O-O 13.f4 Ng6 14.e5 Re8 15.Qf2 dxe5
16.fxe5 Nxe5 17.Nf3 Nd5 18.Nxd5 cxd5 19.Rxd5 f6 20.Nxe5 Rxe5 21.Bxe5 fxe5
22.Qxa7 Qc6 23.Bg2 Bd6 24.Rgd1 Bf5 25.Qa8+ Kc7 26.Qa5+ Kb8 27.R5d2 Qc5 28.Qa4 Rc8
29.Be4 Bxe4 30.Qxe4 Be7 31.Kb1 Bf6 32.Rd7 Qb6 33.a3 h6 34.R1d3 Rc7 35.Rxc7 Kxc7
36.Rb3 Qa6 37.Qd5 Kb8 38.c4 Kc8 39.Rb5 Kb8 40.a4 h5 41.c5  1-0

[Event "World Blitz Final"]
[Site "Astana KAZ"]
[Date "2012.07.09"]
[Round "7"]
[White "Carlsen,M"]
[Black "Bologan,V"]
[Result "1-0"]
[WhiteElo "2837"]
[BlackElo "2732"]

1.e4 d6 2.d4 Nf6 3.Nc3 c6 4.Nge2 e5 5.g3 b5 6.Bg2 Bb7 7.O-O Nbd7 8.h3 h5
9.a3 Be7 10.Be3 a5 11.d5 b4 12.dxc6 Bxc6 13.Nd5 Nxd5 14.exd5 Bb5 15.axb4 axb4
16.Qd2 Rb8 17.Ra7 O-O 18.Rfa1 Nb6 19.b3 h4 20.g4 Bxe2 21.Qxe2 Bg5 22.Be4 Bxe3
23.Qxe3 Nd7 24.R1a6 Nc5 25.Rc6 Rb5 26.Bf5 Rb6 27.Rc8 Qf6 28.Rc6 Rbb8 29.Kg2 g6
30.Qxc5 gxf5 31.Qxd6 Qxd6 32.Rxd6 fxg4 33.hxg4 Rbc8 34.Rc6 Rxc6 35.dxc6 Rc8
36.c7 Kf8 37.Kh3 Ke7 38.Kxh4 Kd7 39.Kg5 Rg8+ 40.Kf5 Rg6 41.c8=Q+ Kxc8 42.Rxf7 Rc6
43.g5  1-0